Fifa 13 Player Overall 85+ - Statistiken

Allgemein
  • Dieses Quiz wurde 65 mal gespielt
  • Das Durchschnittsergebnis liegt bei 43 aus 53
Antwortstatistiken
Overall Verein Position Natinalität Alter Antwort % Korrekt
92 Real Madrid LW Portugal 27 Cristiano Ronaldo
100%
94 FC Barcelona CF Argentinien 25 Lionel Messi
100%
90 FC Barcelona CM Spanien 28 Andres Iniesta
98%
90 FC Bayern München LM Frankreich 29 Franck Ribery
98%
89 Paris Saint-Germain ST Schweden 30 Zlatan Ibrahimovic
98%
87 FC Bayern München RM Niederlande 28 Arjen Robben
96%
86 FC Bayern München GK Deutschland 26 Manuel Neuer
96%
87 Real Madrid CAM Deutschland 23 Mesut Özil
96%
90 FC Barcelona CM Spanien 32 Xavi
96%
86 FC Liverpool CF Uruguay 25 Luis Suarez
94%
87 FC Bayern München RB Deutschland 28 Philipp Lahm
94%
85 Borussia Dortmund ST Polen 23 Robert Lewandowski
94%
87 FC Bayern München CM Deutschland 27 Bastian Schweinsteiger
92%
86 Tottenham Hotspur CF Wales 22 Gareth Bale
92%
87 Juventus Turin GK Italien 33 Gianluigi Buffon
92%
85 Borussia Dortmund CB Deutschland 23 Mats Hummels
92%
86 Real Madrid CB Spanien 26 Sergio Ramos
92%
88 Real Madrid GK Spanien 31 Iker Casillas
90%
89 Manchester United ST Niederlande 28 Robin van Persie
90%
86 FC Barcelona CB Spanien 25 Gerard Pique
88%
85 Real Madrid ST Frankreich 24 Karim Benzema
88%
85 FC Chelsea LM Belgien 21 Eden Hazard
87%
85 Borussia Dortmund CAM Deutschland 20 Mario Götze
87%
87 Manchester City ST Argentinien 24 Sergio Aguero
87%
86 Paris Saint-Germain CB Brasilien 27 Thiago Silva
87%
87 Juventus Turin CM Italien 33 Andrea Pirlo
85%
86 Real Madrid RM Argentinien 24 Angel di Maria
85%
85 Juventus Turin CM Chile 25 Arturo Vidal
85%
88 Manchester City CAM Spanien 26 David Silva
85%
87 SSC Neapel ST Uruguay 25 Edinson Cavani
85%
90 Atletico Madrid ST Kolumbien 26 Radamel Falcao
85%
87 Manchester United CB Serbien 30 Nemanja Vidic
83%
85 Tottenham Hotspur GK Frankreich 25 Hugo Lloris
81%
86 FC Bayern München ST Deutschland 26 Mario Gomez
81%
85 FC Barcelona CDM Spanien 23 Sergio Busquets
81%
86 Manchester City CB Belgien 26 Vincent Kompany
81%
87 Manchester United CF England 26 Wayne Rooney
81%
85 FC Barcelona CB Spanien 34 Carles Puyol
75%
86 Galatasaray Istanbul CAM Niederlande 28 Wesley Sneijder
75%
85 Juventus Turin CB Italien 27 Giorgio Chiellini
73%
86 Manchester City CDM Elfenbeinküste 29 Yaya Toure
73%
86 FC Barcelona CM Spanien 25 Cecs Fabregas
71%
85 FC Barcelona CB Argentinien 28 Javier Mascherano
71%
85 SSC Neapel CAM Slowakei 24 Marek Hamsik
71%
86 Manchester City ST Argentinien 28 Carlos Tevez
69%
86 Real Madrid CM Spanien 30 Xabi Alonso
69%
85 AS Roma CDM Italien 28 Daniele de Rossi
60%
86 FC Chelsea CAM Spanien 24 Juan Mata
56%
85 Juventus Turin CM Italien 26 Claudio Marchisio
50%
85 Juventus Turin CB Italien 31 Andrea Barzagli
42%
85 FC Sevilla RW Spanien 26 Jesus Navas
42%
85 FC Arsenal CAM Spanien 27 Santi Cazorla
29%
85 AC Milan CM Italien 27 Riccardo Montolivo
10%
Keine übereinstimmenden Quizze gefunden
Verteilung der Resultate
Anzahl Personen mit jedem Resultat
Perzentil nach korrekt beantworteten Fragen
Ihre Resultats-Entwicklung
Sie haben dieses Quiz noch nicht gespielt